000 00679nam a2200193Ii 4500
003 JO-AjNU
008 230605s9999||||xx |||||||||||||| ||und||
040 _aJO-AjNU
_bara
_erda
_cJO-AjNU
041 _aara
050 1 4 _aHF5667.J67 2018
100 3 _aديوان المحاسبة ,
_eauthor
_959613
245 0 0 _aديوان المحاسبة= AUDIT BUREAU: التقرير السنوي السابع والستون 2008
264 3 1 _aعمان: ديوان المحاسبة، 2018
300 _a572ص
336 _atext
_btxt
_2rdacontent
337 _aunmediated
_bn
_2rdamedia
338 _avolume
_bnc
_2rdacarrier
650 4 _aالمحاسبة -تقارير-الاردن
_959614
999 _aA26835
_c30403
_d30403